Ghana National Petroleum Corporation And Afren Energy Ghana Limited, Gulf Atlantic Energy Limited And Mitsui E&P Ghana Keta Limited The Respect Of The Offshore Keta Contract Area (Eastern Basin) Of The Republic Of Ghana. (Record no. 4355)

MARC details
000 -LEADER
fixed length control field 00712nam a22001697a 4500
003 - CONTROL NUMBER IDENTIFIER
control field OSt
005 - DATE AND TIME OF LATEST TRANSACTION
control field 20240814082015.0
008 - FIXED-LENGTH DATA ELEMENTS--GENERAL INFORMATION
fixed length control field 240814b |||||||| |||| 00| 0 eng d
041 ## - LANGUAGE CODE
Language code of text/sound track or separate title English
082 ## - DEWEY DECIMAL CLASSIFICATION NUMBER
Classification number PM/AEGL/10 Acc.no.:9091
110 ## - MAIN ENTRY--CORPORATE NAME
Corporate name or jurisdiction name as entry element The Government Of The Republic Of Ghana
245 ## - TITLE STATEMENT
Title Ghana National Petroleum Corporation And Afren Energy Ghana Limited, Gulf Atlantic Energy Limited And Mitsui E&P Ghana Keta Limited The Respect Of The Offshore Keta Contract Area (Eastern Basin) Of The Republic Of Ghana.
260 ## - PUBLICATION, DISTRIBUTION, ETC.
Place of publication, distribution, etc. Accra
Name of publisher, distributor, etc. The Government Of The Republic Of Ghana
Date of publication, distribution, etc. February, 2010
300 ## - PHYSICAL DESCRIPTION
Extent 119p.
653 ## - INDEX TERM--UNCONTROLLED
Uncontrolled term Offshore Keta Contract Area (Eastern Basin) Contact 2010.
942 ## - ADDED ENTRY ELEMENTS (KOHA)
Source of classification or shelving scheme Dewey Decimal Classification
Koha item type Agreements
Suppress in OPAC No

No items available.

©2026  Parliament of Ghana Library - All rights reserved